000 00642nam a22001337a 4500
040 _cRUA
082 _aATM SRE 2006 B194 Or.1
100 _aSRENG RITHY; ស្រេង​ ឬទ្ធី
245 _aManagent of beer packaging process in cambodia brewery limited, ការគ្រប់គ្រងដំណើរការវេចខ្ចប់ស្រាបៀរនៅរោងចក្រផលិតស្រាបៀរកម្ពុជា.
260 _aPhnom Penh
_bRUA
_c2006
300 _aix; 47p.
_bill.
_c29cm.
856 _uhttps://drive.google.com/file/d/1mMO_POWhdlyZFukAnT7yeFNbnwjS3yZb/view?usp=sharing
942 _cATM
999 _c4253
_d4253